| 000 | 00952nam a22002057a 4500 | ||
|---|---|---|---|
| 999 |
_c4212 _d4212 |
||
| 003 | AR-CdUCM | ||
| 008 | 190308b ||||| |||| 00| 0 spa d | ||
| 040 |
_aMUNICIPALIDAD PROVINCIAL DEL CUSCO _cBIBLIOTECA MUNICIPAL DEL CUSCO |
||
| 082 |
_a708 / _bC13 |
||
| 100 |
_aCabello Carro, Paz _913335 |
||
| 245 | _aColeccionismo Americano Indígena en la España del siglo XVIII / | ||
| 260 |
_aMadrid : _bEdiciones de Cultura Hispánica , _c1989. |
||
| 300 |
_a191 páginas ; _c24 cm. |
||
| 505 | _aContenido: Contexto Historico -- Coleccionismo Americanista de los Siglos XVI al XVIII -- Coleccionismo y museografia americanista en el siglo XIX -- De la Seccion Etnografia del museo Arqueologico al Museo de América en el siglo XX -- El Gabinete de Pedro Franco Dávila y las Órdenes de acopio... | ||
| 650 |
_aEtnografias _913336 |
||
| 650 |
_aArqueologia del Arte _913337 |
||
| 650 |
_aMuseo de América _913338 |
||
| 942 |
_2ddc _cLIBROS |
||
| 945 | _artm | ||